Organic Chemistry (Record no. 19405)
[ view plain ]
| 000 -LEADER | |
|---|---|
| fixed length control field | 00376nam a22001457a 4500 |
| 003 - CONTROL NUMBER IDENTIFIER | |
| control field | OSt |
| 008 - FIXED-LENGTH DATA ELEMENTS--GENERAL INFORMATION | |
| fixed length control field | 250218b |||||||| |||| 00| 0 eng d |
| 041 ## - LANGUAGE CODE | |
| Language code of text/sound track or separate title | eng |
| 082 ## - DEWEY DECIMAL CLASSIFICATION NUMBER | |
| Classification number | 547 |
| Item number | HOR/OR |
| 100 ## - MAIN ENTRY--AUTHOR NAME | |
| Personal name | Horrison, Robert Thornton |
| 245 ## - TITLE STATEMENT | |
| Title | Organic Chemistry |
| 250 ## - EDITION STATEMENT | |
| Edition statement | 6th ed 2nd Reprint |
| 260 ## - PUBLICATION, DISTRIBUTION, ETC. (IMPRINT) | |
| Place of publication | New Delhi: |
| Name of publisher | Prentice Hall of India Pvt Ltd, |
| Year of publication | 1999. |
| 942 ## - ADDED ENTRY ELEMENTS (KOHA) | |
| Koha item type | Books |
| Withdrawn status | Lost status | Damaged status | Home library | Current library | Date acquired | Source of acquisition | Cost, normal purchase price | Full call number | Accession Number | Koha item type | Public note |
|---|---|---|---|---|---|---|---|---|---|---|---|
| Withdrawn | KAUAET | KAUAET | 18/02/2025 | Current Books, Thrissur | 295.00 | 547 HOR/OR | 20078 | Books | Withdrawn as per order no A3-1008/2003 dated 25/04/2003 |
